Statistics for The Ultimate Stark Quiz

Click here to take the quiz!

General Stats

  • This quiz has been taken 747 times
  • The average score is 22 of 24

Answer Stats

HintAnswer% Correct
Stark daughter #2Arya Stark
99%
Hand of the KingEddard Stark
99%
Hand of the King's bastardJon Snow
99%
Stark son #1Robb Stark
99%
Stark daughter #1Sansa Stark
99%
Stark son #3Rickon Stark
98%
Stark son #2Bran Stark
97%
His wifeCatelyn Stark
97%
Direwolf of bastard sonGhost
95%
Direwolf of Stark daughter #1Lady
95%
House Stark's wordsWinter is Coming
94%
House Stark's sigilDirewolf
93%
Direwolf of Stark son #2Summer
92%
House Stark are the Lords of where?Winterfell
91%
Hand of the King's brother and ranger of the Night's WatchBenjen Stark
90%
Direwolf of Stark daughter #2Nymeria
90%
Direwolf of Stark son #3Shaggydog
89%
Husband of Stark daughter #1Tyrion Lannister
89%
Bastard's mother by popular theory and Hand of the King's sisterLyanna Stark
88%
Wildling lover of bastard sonYgritte
88%
Direwolf of Stark son #1Grey Wind
87%
Hand of the King's other brotherBrandon Stark
78%
Bastard's father by popular theoryRhaegar Targaryen
77%
Wife of Stark son #1Talisa Maegyr
50%

Score Distribution

Percentile by Number Answered

Percent of People with Each Score

Your Score History

You have not taken this quiz